000 00674nam a2200205Ia 4500
003 GCL
008 140319s9999 xx 000 0 ara d
020 _a9712261977
040 _aGCL /
_cGCL
082 0 4 _aط
_b962.074
_bا ى
100 1 _aاشرف سيد العقبى
245 1 0 _aاليوم 23009 /
_cاشرف سيد العقبى
260 _aالقاهرة :
_bدار اخبار اليوم. قطاع الثقافة ،
_c1999
300 _a:
_bايض ؛
_c22 سم
490 _aبطولات حرب اكتوبر
_v0
650 0 4 _aالنزاع العربى الاسرائيلى
650 0 4 _aالاطفال
650 0 4 _aحرب اكتوبر 1973
942 _2ddc
_cBK
999 _c10045
_d10045